Una città per ogni provincia - ma non il capoluogo! - Statistics

Statistiche generali
  • Questo quiz è stato fatto 794 volte
  • Il punteggio medio è 39 su 107
Risposte nella Mappa
Le risposte nella mappa del quiz sottostante sono codificate secondo una scala di colori dal rosso al verde in base alla % di persone che hanno risposto correttamente.
 
Statistiche sulle risposte
Provincia Comuni validi % Corretto
Napoli Giugliano in Campania | Torre del Greco | Pozzuoli | Casoria | Castellammare di Stabia | Afragola | Acerra | Marano di Napoli | Portici | Ercolano | Casalnuovo di Napoli | San Giorgio a Cremano | Quarto | Torre Annunziata | Pomigliano d'Arco | Melito di Napoli | Caivano | Mugnano di Napoli | Somma Vesuviana | Nola | Arzano | Sant'Antimo | Villaricca | San Giuseppe Vesuviano | Marigliano | Frattamaggiore | Gragnano | Sant'Anastasia | Boscoreale | Bacoli | Volla | Qualiano | Pompei | Ottaviano | Poggiomarino | Cardito | Vico Equense | Ischia | Sant'Antonio Abate | Casavatore | Forio | Terzigno | Grumo Nevano | Cercola | Palma Campania | Saviano | Brusciano | Sorrento | Frattaminore | Massa Lubrense | Casandrino | Pollena Trocchia | Piano di Sorrento | San Gennaro Vesuviano | Cicciano | Calvizzano | Monte di Procida | Santa Maria la Carità | Crispano | Procida
72%
Milano Sesto San Giovanni | Cinisello Balsamo | Legnano | Rho | Paderno Dugnano | Cologno Monzese | Rozzano | San Giuliano Milanese | Segrate | Bollate | Pioltello | Cernusco sul Naviglio | Corsico | Abbiategrasso | San Donato Milanese | Parabiago | Buccinasco | Garbagnate Milanese | Lainate | Bresso | Magenta | Peschiera Borromeo | Cesano Boscone | Trezzano sul Naviglio | Senago | Gorgonzola | Cornaredo | Cormano | Settimo Milanese | Novate Milanese | Arese | Cassano d'Adda | Cusano Milanino | Corbetta | Melzo | Melegnano | Bareggio | Nerviano | Vimodrone | Pieve Emanuele | Carugate | Cerro Maggiore | Opera | Cesate | Rescaldina | Busto Garolfo | Cassina de' Pecchi | Solaro | Sedriano | Canegrate | Arluno | Mediglia | Trezzo sull'Adda | Baranzate | Pero | Inzago | Paullo | Castano Primo | Locate di Triulzi
71%
Imperia Sanremo | Ventimiglia | Taggia | Bordighera | Vallecrosia
70%
Roma Guidonia Montecelio | Fiumicino | Pomezia | Anzio | Tivoli | Velletri | Civitavecchia | Ardea | Nettuno | Marino | Monterotondo | Ladispoli | Albano Laziale | Ciampino | Cerveteri | Fonte Nuova | Genzano di Roma | Frascati | Mentana | Palestrina | Colleferro | Grottaferrata | Anguillara Sabazia | Bracciano | Santa Marinella | Zagarolo | Ariccia | Rocca di Papa | Fiano Romano | San Cesareo | Valmontone | Artena | Formello | Lariano | Palombara Sabina | Lanuvio | Rocca Priora | Monte Compatri | Campagnano di Roma | Cave | Capena | Riano | Rignano Flaminio
69%
Perugia Foligno | Città di Castello | Spoleto | Gubbio | Assisi | Corciano | Bastia Umbra | Marsciano | Umbertide | Todi | Castiglione del Lago | Magione | Gualdo Tadino | San Giustino
65%
Modena Carpi | Sassuolo | Formigine | Castelfranco Emilia | Vignola | Mirandola | Pavullo nel Frignano | Maranello | Fiorano Modenese | Nonantola | Soliera | Castelnuovo Rangone | Finale Emilia | Spilamberto | Castelvetro di Modena | San Felice sul Panaro | Bomporto
61%
Torino Moncalieri | Collegno | Rivoli | Nichelino | Settimo Torinese | Grugliasco | Chieri | Pinerolo | Venaria Reale | Carmagnola | Chivasso | Orbassano | Ivrea | Rivalta di Torino | San Mauro Torinese | Ciriè | Piossasco | Beinasco | Alpignano | Leini | Giaveno | Pianezza | Volpiano | Vinovo | Caselle Torinese | Avigliana | Rivarolo Canavese | Borgaro Torinese | Santena | Trofarello | San Maurizio Canavese | Poirino
61%
Bari Altamura | Molfetta | Bitonto | Monopoli | Corato | Gravina in Puglia | Modugno | Gioia del Colle | Terlizzi | Triggiano | Noicattaro | Putignano | Santeramo in Colle | Conversano | Mola di Bari | Ruvo di Puglia | Palo del Colle | Acquaviva delle Fonti | Giovinazzo | Casamassima | Castellana Grotte | Noci | Rutigliano | Polignano a Mare | Valenzano | Adelfia | Capurso | Cassano delle Murge | Locorotondo | Turi | Grumo Appula | Bitetto | Bitritto | Alberobello
60%
Sassari Olbia | Alghero | Porto Torres | Sorso | Arzachena | Tempio Pausania | La Maddalena
60%
Rimini Riccione | Santarcangelo di Romagna | Bellaria-Igea Marina | Cattolica | Misano Adriatico | Coriano | Verucchio
59%
Foggia Cerignola | Manfredonia | San Severo | Lucera | San Giovanni Rotondo | Orta Nova | Torremaggiore | San Nicandro Garganico | Vieste | San Marco in Lamis | Apricena | Monte Sant'Angelo
58%
Venezia Chioggia | San Donà di Piave | Mira | Spinea | Mirano | Jesolo | Portogruaro | Martellago | Scorzè | Marcon | Santa Maria di Sala | Noale | Dolo | Cavallino-Treporti | Camponogara | Cavarzere | Salzano | San Stino di Livenza | Pianiga | Eraclea | San Michele al Tagliamento | Musile di Piave | Caorle | Campolongo Maggiore | Concordia Sagittaria
58%
Firenze Scandicci | Sesto Fiorentino | Empoli | Campi Bisenzio | Bagno a Ripoli | Figline e Incisa Valdarno | Fucecchio | Pontassieve | Lastra a Signa | Signa | Calenzano | Borgo San Lorenzo | Castelfiorentino | San Casciano in Val di Pesa | Reggello | Certaldo | Vinci | Impruneta | Montelupo Fiorentino | Fiesole | Greve in Chianti | Montespertoli | Scarperia e San Piero | Barberino Tavarnelle | Barberino di Mugello | Cerreto Guidi
58%
Bologna Imola | Casalecchio di Reno | San Lazzaro di Savena | Valsamoggia | San Giovanni in Persiceto | Castel San Pietro Terme | Zola Predosa | Castel Maggiore | Budrio | Pianoro | Medicina | Castenaso | Molinella | Sasso Marconi | Ozzano dell'Emilia | Crevalcore | Calderara di Reno | San Pietro in Casale | Granarolo dell'Emilia | Anzola dell'Emilia | Monte San Pietro
57%
Aosta Sarre | Saint-Vincent | Châtillon | Quart | Pont-Saint-Martin
56%
Bolzano/Bozen Merano | Bressanone | Laives | Brunico | Appiano sulla strada del vino | Lana
55%
Trapani Marsala | Mazara del Vallo | Alcamo | Castelvetrano | Erice | Castellammare del Golfo | Valderice | Campobello di Mazara | Paceco
54%
Genova Rapallo | Chiavari | Sestri Levante | Lavagna | Arenzano
54%
Cuneo Alba | Bra | Fossano | Mondovì | Savigliano | Saluzzo | Borgo San Dalmazzo | Busca
53%
Brescia Desenzano del Garda | Montichiari | Lumezzane | Palazzolo sull'Oglio | Rovato | Chiari | Ghedi | Lonato del Garda | Gussago | Concesio | Darfo Boario Terme | Ospitaletto | Leno | Travagliato | Manerbio | Rezzato | Sarezzo | Carpenedolo | Calcinato | Mazzano | Bagnolo Mella | Orzinuovi | Bedizzole | Gavardo | Castenedolo | Gardone Val Trompia | Castel Mella | Cazzago San Martino | Villa Carcina | Botticino | Nave | Salò
51%
Palermo Bagheria | Carini | Monreale | Partinico | Misilmeri | Termini Imerese | Villabate | Cefalù | Ficarazzi | Terrasini | Cinisi | Casteldaccia | Capaci | Belmonte Mezzagno | Santa Flavia | Corleone | Trabia
50%
Varese Busto Arsizio | Gallarate | Saronno | Cassano Magnago | Tradate | Caronno Pertusella | Somma Lombardo | Malnate | Samarate | Cardano al Campo | Castellanza | Luino | Olgiate Olona | Fagnano Olona | Lonate Pozzolo | Sesto Calende | Gerenzano | Uboldo | Cislago | Induno Olona
50%
Lecce Nardò | Galatina | Copertino | Gallipoli | Casarano | Tricase | Galatone | Surbo | Trepuzzi | Leverano | Maglie | Squinzano | Veglie | Monteroni di Lecce | Cavallino | Ugento | Lizzanello | Carmiano | Taviano | Taurisano | Matino | Racale
50%
Latina Aprilia | Terracina | Fondi | Formia | Cisterna di Latina | Sezze | Minturno | Sabaudia | Gaeta | Pontinia | Priverno | Cori | Itri | San Felice Circeo | Sermoneta
49%
Messina Barcellona Pozzo di Gotto | Milazzo | Capo d'Orlando | Patti | Lipari | Sant'Agata di Militello | Taormina
48%
Livorno Piombino | Rosignano Marittimo | Cecina | Collesalvetti | Campiglia Marittima | Portoferraio
48%
Ancona Senigallia | Jesi | Osimo | Fabriano | Falconara Marittima | Castelfidardo | Chiaravalle | Loreto
48%
Salerno Cava de' Tirreni | Battipaglia | Scafati | Nocera Inferiore | Eboli | Pagani | Angri | Sarno | Pontecagnano Faiano | Nocera Superiore | Capaccio Paestum | Mercato San Severino | Agropoli | Baronissi | Campagna | Fisciano | Castel San Giorgio | Bellizzi | Montecorvino Rovella | Sala Consilina | Giffoni Valle Piana | Montecorvino Pugliano | Pellezzano | San Valentino Torio | San Marzano sul Sarno
47%
Cremona Crema | Casalmaggiore | Castelleone | Pandino | Soresina
47%
Trento Rovereto | Pergine Valsugana | Riva del Garda | Arco | Mori
47%
Pavia Vigevano | Voghera | Mortara | Stradella | Gambolò
47%
Alessandria Casale Monferrato | Novi Ligure | Tortona | Acqui Terme | Valenza | Ovada
46%
Caltanissetta Gela | Niscemi | San Cataldo | Mazzarino | Riesi
45%
Lucca Viareggio | Capannori | Camaiore | Pietrasanta | Massarosa | Altopascio | Seravezza
45%
Catania Acireale | Misterbianco | Paternò | Caltagirone | Adrano | Mascalucia | Aci Catena | Belpasso | Giarre | Gravina di Catania | San Giovanni la Punta | Biancavilla | Tremestieri Etneo | Bronte | Aci Castello | Aci Sant'Antonio | Scordia | Palagonia | Pedara | Mascali | Riposto | Grammichele | Motta Sant'Anastasia | San Gregorio di Catania | Trecastagni | Randazzo | Ramacca
44%
Savona Albenga | Cairo Montenotte | Varazze | Finale Ligure | Loano | Alassio
43%
Ravenna Faenza | Lugo | Cervia | Bagnacavallo | Russi | Alfonsine | Massa Lombarda
43%
Cagliari Quartu Sant'Elena | Selargius | Assemini | Capoterra | Sestu | Monserrato | Sinnai | Quartucciu
43%
Gorizia Monfalcone | Ronchi dei Legionari | Grado | Cormons | Staranzano
42%
Campobasso Termoli | Campomarino | Bojano | Larino | Montenero di Bisaccia
42%
Cosenza Lamezia Terme | Soverato | Sellia Marina | Borgia | Curinga
41%
Vicenza Bassano del Grappa | Schio | Valdagno | Arzignano | Thiene | Montecchio Maggiore | Lonigo | Cassola | Malo | Rosà | Romano d'Ezzelino | Marostica | Dueville | Tezze sul Brenta | Chiampo | Altavilla Vicentina | Torri di Quartesolo | Cornedo Vicentino | Caldogno | Creazzo | Camisano Vicentino | Isola Vicentina
40%
Pesaro-Urbino Fano | Vallefoglia | Mondolfo | Colli al Metauro | Fossombrone
40%
Verbano-Cusio-Ossola Domodossola | Omegna | Gravellona Toce | Villadossola | Cannobio
39%
Brindisi Fasano | Francavilla Fontana | Ostuni | Mesagne | Ceglie Messapica | San Vito dei Normanni | Carovigno | Oria | Latiano | San Pietro Vernotico | Cisternino | Torre Santa Susanna
38%
Monza e Brianza Lissone | Seregno | Desio | Cesano Maderno | Brugherio | Limbiate | Giussano | Vimercate | Seveso | Muggiò | Meda | Nova Milanese | Arcore | Carate Brianza | Bovisio-Masciago | Concorezzo | Lentate sul Seveso | Agrate Brianza | Besana in Brianza | Villasanta | Varedo | Biassono | Bernareggio | Cornate d'Adda | Usmate Velate
38%
Terni Orvieto | Narni | Amelia | Montecastrilli | San Gemini
38%
Ragusa Vittoria | Modica | Comiso | Scicli | Pozzallo | Ispica | Santa Croce Camerina | Acate
38%
Ascoli Piceno San Benedetto del Tronto | Grottammare | Monteprandone | Folignano | Castel di Lama
37%
Bergamo Treviglio | Seriate | Dalmine | Romano di Lombardia | Albino | Caravaggio | Alzano Lombardo | Stezzano | Osio Sotto | Ponte San Pietro | Nembro | Cologno al Serio | Treviolo | Martinengo | Castelli Calepio | Bonate Sopra
37%
Padova Albignasego | Vigonza | Selvazzano Dentro | Piove di Sacco | Abano Terme | Cittadella | Monselice | Rubano | Este | Cadoneghe | Campodarsego | Ponte San Nicolò | San Martino di Lupari | Vigodarzere | Trebaseleghe | Camposampiero | Mestrino | Noventa Padovana | Montegrotto Terme | Piazzola sul Brenta | Villafranca Padovana | Saonara | San Giorgio delle Pertiche | Conselve
36%
Siracusa Augusta | Avola | Noto | Lentini | Pachino | Floridia | Rosolini | Carlentini | Melilli | Francofonte | Priolo Gargallo
36%
Cosenza Corigliano-Rossano | Rende | Castrovillari | Montalto Uffugo | Acri | Cassano all'Ionio | San Giovanni in Fiore | Paola | Amantea | Scalea
36%
Verona Villafranca di Verona | San Giovanni Lupatoto | Legnago | San Bonifacio | Bussolengo | Sona | Pescantina | Cerea | Negrar di Valpolicella | San Martino Buon Albergo | Bovolone | Valeggio sul Mincio | Zevio | Sommacampagna | Castelnuovo del Garda | San Pietro in Cariano | Castel d'Azzano | Sant'Ambrogio di Valpolicella | Isola della Scala | Peschiera del Garda | Grezzana | Oppeano | Vigasio
36%
Como Cantù | Mariano Comense | Erba | Olgiate Comasco | Lomazzo
35%
Parma Fidenza | Salsomaggiore Terme | Collecchio | Noceto | Sorbolo Mezzani | Montechiarugolo | Langhirano | Medesano
35%
Ferrara Cento | Comacchio | Argenta | Copparo | Bondeno | Portomaggiore | Codigoro
34%
La Spezia Sarzana | Arcola | Santo Stefano di Magra | Lerici | Castelnuovo Magra
34%
Chieti Vasto | Lanciano | Francavilla al Mare | Ortona | San Salvo | San Giovanni Teatino | Atessa
34%
Treviso Conegliano | Castelfranco Veneto | Montebelluna | Mogliano Veneto | Vittorio Veneto | Paese | Oderzo | Villorba | Preganziol | Vedelago | Roncade | Casale sul Sile | Ponzano Veneto | San Biagio di Callalta | Spresiano | Susegana | Pieve di Soligo | Zero Branco | Casier | Carbonera | Riese Pio X | Trevignano | Motta di Livenza | Silea | Valdobbiadene | Volpago del Montello
33%
Reggio Calabria Gioia Tauro | Palmi | Siderno | Taurianova | Rosarno | Villa San Giovanni | Locri | Melito di Porto Salvo
33%
Caserta Aversa | Marcianise | Maddaloni | Santa Maria Capua Vetere | Mondragone | Castel Volturno | Orta di Atella | San Nicola la Strada | Casal di Principe | Sessa Aurunca | Trentola Ducenta | Capua | San Felice a Cancello | Lusciano | Sant'Arpino | Teverola | San Marcellino | Santa Maria a Vico | San Cipriano d'Aversa | Casagiove | Gricignano di Aversa | Parete | Villa Literno | San Prisco | Teano | Piedimonte Matese | Capodrise
32%
Forlì-Cesena Cesenatico | Savignano sul Rubicone | Forlimpopoli | San Mauro Pascoli | Bertinoro | Gambettola
32%
L'Aquila Avezzano | Sulmona | Celano | Pratola Peligna | Castel di Sangro
31%
Frosinone Cassino | Alatri | Sora | Ceccano | Anagni | Ferentino | Veroli | Pontecorvo | Monte San Giovanni Campano | Isola del Liri | Fiuggi
31%
Grosseto Follonica | Orbetello | Monte Argentario | Roccastrada | Gavorrano
31%
Sondrio Morbegno | Tirano | Chiavenna | Livigno | Cosio Valtellino
31%
Vibo Valentia Pizzo | Mileto | Serra San Bruno | Tropea | Nicotera
31%
Agrigento Sciacca | Canicattì | Licata | Favara | Palma di Montechiaro | Ribera | Porto Empedocle | Raffadali | Menfi | Ravanusa
31%
Macerata Civitanova Marche | Recanati | Tolentino | Potenza Picena | Corridonia | Porto Recanati | San Severino Marche
30%
Lodi Codogno | Casalpusterlengo | Sant'Angelo Lodigiano | Lodi Vecchio | Zelo Buon Persico
30%
Sud Sardegna Iglesias | Villacidro | Guspini | Sant'Antioco | Dolianova
30%
Siena Poggibonsi | Colle di Val d'Elsa | Montepulciano | Sinalunga | Monteriggioni
30%
Pisa Cascina | San Giuliano Terme | Pontedera | San Miniato | Ponsacco | Santa Croce sull'Arno | Castelfranco di Sotto | Santa Maria a Monte | Calcinaia | Casciana Terme Lari | Vecchiano | Montopoli in Val d'Arno
29%
Taranto Martina Franca | Massafra | Grottaglie | Manduria | Ginosa | Castellaneta | Palagiano | Mottola | Sava | Laterza | San Giorgio Ionico | Crispiano | Statte | Pulsano
29%
Arezzo Montevarchi | Cortona | San Giovanni Valdarno | Sansepolcro | Castiglion Fiorentino | Terranuova Bracciolini | Bibbiena
29%
Novara Borgomanero | Trecate | Galliate | Oleggio | Arona | Cameri
28%
Potenza Melfi | Lavello | Rionero in Vulture | Lauria | Venosa | Avigliano
27%
Reggio nell'Emilia Scandiano | Correggio | Casalgrande | Castellarano | Rubiera | Guastalla | Novellara | Quattro Castella | Sant'Ilario d'Enza | Cadelbosco di Sopra | Montecchio Emilia | Castelnovo ne' Monti | Bibbiano
26%
Mantova Castiglione delle Stiviere | Suzzara | Viadana | Porto Mantovano | Borgo Virgilio | Curtatone | Castel Goffredo | San Giorgio Bigarello | Goito
25%
Trieste Muggia | Duino Aurisina | San Dorligo della Valle | Sgonico | Monrupino
25%
Andria-Barletta-Trani Bisceglie | Canosa di Puglia | Trinitapoli | San Ferdinando di Puglia | Margherita di Savoia
24%
Udine Codroipo | Tavagnacco | Cervignano del Friuli | Latisana | Cividale del Friuli | Gemona del Friuli
24%
Teramo Roseto degli Abruzzi | Giulianova | Martinsicuro | Silvi | Pineto | Alba Adriatica | Tortoreto | Atri
24%
Rovigo Adria | Porto Viro | Occhiobello | Lendinara | Badia Polesine
23%
Pordenone Sacile | Cordenons | Azzano Decimo | San Vito al Tagliamento | Porcia | Fontanafredda | Spilimbergo | Fiume Veneto | Maniago
23%
Massa-Carrara Aulla | Montignoso | Fivizzano | Pontremoli | Licciana Nardi
22%
Vercelli Borgosesia | Santhià | Crescentino | Gattinara | Varallo
22%
Piacenza Fiorenzuola d'Arda | Castel San Giovanni | Rottofreno | Podenzano | Borgonovo Val Tidone
22%
Pescara Montesilvano | Spoltore | Città Sant'Angelo | Penne | Cepagatti
22%
Pistoia Quarrata | Monsummano Terme | Montecatini-Terme | Pescia | Agliana | Serravalle Pistoiese | Montale
21%
Asti Canelli | Nizza Monferrato | San Damiano d'Asti | Costigliole d'Asti | Villanova d'Asti
20%
Matera Policoro | Pisticci | Bernalda | Montescaglioso | Ferrandina
20%
Belluno Feltre | Borgo Valbelluna | Sedico | Ponte nelle Alpi | Santa Giustina
18%
Enna Piazza Armerina | Nicosia | Leonforte | Barrafranca | Troina
18%
Isernia Venafro | Agnone | Frosolone | Montaquila | Pozzilli
18%
Lecco Merate | Calolziocorte | Casatenovo | Valmadrera | Mandello del Lario
17%
Viterbo Tarquinia | Civita Castellana | Vetralla | Montefiascone | Nepi
17%
Biella Cossato | Valdilana | Vigliano Biellese | Candelo | Occhieppo Inferiore
16%
Crotone Isola di Capo Rizzuto | Cirò Marina | Cutro | Petilia Policastro | Strongoli
16%
Nuoro Siniscola | Tortolì | Macomer | Dorgali | Orosei
16%
Avellino Ariano Irpino | Montoro | Solofra | Mercogliano | Monteforte Irpino | Atripalda
15%
Fermo Porto Sant'Elpidio | Sant'Elpidio a Mare | Porto San Giorgio | Montegranaro | Monte Urano
11%
Prato Montemurlo | Carmignano | Poggio a Caiano | Vaiano | Vernio
10%
Benevento Montesarchio | Sant'Agata de' Goti | San Giorgio del Sannio | Airola | Telese Terme
10%
Rieti Fara in Sabina | Cittaducale | Poggio Mirteto | Borgorose | Montopoli di Sabina
8%
Oristano Terralba | Cabras | Bosa | Santa Giusta | Marrubiu
8%
Nessun quiz corrispondente trovato
Distribuzione punteggi
Percentuale di utenti per punteggio
Percentile per numero di risposta
I tuoi punteggi nel tempo
Non hai fatto questo quiz